00420nam a2200157Ia 45000010006000000050017000060080041000230410008000640820017000721000022000892450091001112600009002023000035002116500008002466540008002541758220260306171528.0260306s9999||||xx |||||||||||||| ||und|| aESP a658.05bA156 aAmor, DanieleAUT 0aLa (r)evolución e-business:bclaves para vivir y trabajar en un mundo interconectado c2000 axviii, 628 páginas :c23 cm. aGEN aCAN